Quiz o Tomaszu Podgórskim (piłkarz) - Statystyki

Ogólne statystyki
  • Ten quiz został rozwiązany 4 razy
  • Średni wynik to 5 z 8
Statystyki odpowiedzi
Wskazówka Odpowiedź % Poprawnych
Pozycja, na której gra pomocnik
100%
Rok urodzenia 1985
67%
Miasto, w którym się urodził i wychował Gliwice
67%
Jest wychowankiem tego klubu Piast Gliwice
67%
Aktualnie występuje w klubie... Piast II Gliwice
67%
Śląski klub, w którym grał w latach 2015-16 i 2018-20 Ruch Chorzów
67%
Jego pseudonim piłkarski Podgór
33%
Klub, w którym był na wypożyczeniu (z woj. kujawsko-pomorskiego) Zawisza Bydgoszcz
33%
Nie znaleziono quizów pasujących do podanych kryteriów
Rozkład punktacji
Procent ludzi z każdym wynikiem
Percentyl według liczby udzielonych odpowiedzi
Twoja historia wyników
Nie rozwiązałeś tego quizu